01382nam a2200241Ia 4500001000600000003000900006008004100015040001300056040001300069041001300082100001900095100002900114245008100143245006700224250001100291260002200302260001400324260004900338300005700387500064100444650002401085650003101109E2572IT-RoPAU130308s9999 xx 000 0 und d aIT-RoPAU cIT-RoPAU aITALIANO aDupuis Jacques gCodice Aut. SPICS: 44530 aUniversalità del cristianesimo: Gesù Cristo, il regno di Dio e la Chiesa bUniversalita' del Cristianesimo: in Dialogo con Jacques Dupuis a1a ed. aCINISELLO BALSAMO bSan Paolo c1996 [1° Ed.:1996 - Ed.Ling.Originale:1996] a"39 p. (prefazione: no ; testo: 39 [pagine: 19-57])" aUnicità e Universalità. tre livelli di Universalità. Universalità di Gesu' Cristo: sfide Attuali All'Universalità di Gesu' Cristo, Significato dell'Universalità di Gesu' Cristo e suo fondamento Teologico. Universalita'Del regno di Dio: regno di Dio nella Predicazione di Gesu', Universalità del regno di Dio nel Recente Magistero Ecclesiale, Significato dell'Universalità del regno di Dio. Universalità della Chiesa: Necessità della Chiesa nel Recente Magistero Ecclesiale, Appartenenza o Orientamento Verso la Chiesa?, Mediazione Universale?, Chiesa Sacramento del regno di Dio, Chiesa al Servizio del regno di Dio. aPASTORALE E CULTURE eCodice materia Spics: 9302